| 000 | 00691nam a2200229 a 4500 | ||
|---|---|---|---|
| 003 | DO-SdBNP | ||
| 005 | 20230824132819.0 | ||
| 007 | ta | ||
| 008 | 150512s2004 dr 000 0 spa d | ||
| 040 |
_aDO-SdBNP _bspa _cBNPHU _erda |
||
| 082 |
_axxxx _bxxxx |
||
| 245 | 0 | 0 |
_aColección actos notariales : _bDeclaraciones juradas / |
| 264 | 1 |
_aSanto Domingo : _bEdiciones Jurídicas Trajano Potentini, _c2004. |
|
| 300 |
_a36 pàginas _c21 cm. |
||
| 336 |
_2rdacontent _atexto _btxt |
||
| 337 |
_2rdamedia _asin mediación _bn |
||
| 338 |
_2rdacarrier _avolumen _bnc |
||
| 490 | 1 |
_aColección actos notariales _v5 |
|
| 590 | _aInventariado, 2023/ YL | ||
| 910 | _aYLockward | ||
| 942 |
_2ddc _cLF2 |
||
| 999 |
_c54516 _d54516 |
||